<?xml version="1.0" encoding="UTF-8"?>
<record
    xmlns:xsi="http://www.w3.org/2001/XMLSchema-instance"
    xsi:schemaLocation="http://www.loc.gov/MARC21/slim http://www.loc.gov/standards/marcxml/schema/MARC21slim.xsd"
    xmlns="http://www.loc.gov/MARC21/slim">

  <leader>01295nam a22002777a 4500</leader>
  <controlfield tag="003">0</controlfield>
  <controlfield tag="005">20180901151622.0</controlfield>
  <controlfield tag="008">0</controlfield>
  <datafield tag="010" ind1=" " ind2=" ">
    <subfield code="a">B-137494</subfield>
  </datafield>
  <datafield tag="020" ind1=" " ind2=" ">
    <subfield code="c">120.00</subfield>
    <subfield code="a">8180692116</subfield>
  </datafield>
  <datafield tag="035" ind1=" " ind2=" ">
    <subfield code="a">B-137494 ,B-137501</subfield>
  </datafield>
  <datafield tag="037" ind1=" " ind2=" ">
    <subfield code="b">Cen Lib/Ret</subfield>
  </datafield>
  <datafield tag="040" ind1=" " ind2=" ">
    <subfield code="a">DPL</subfield>
    <subfield code="b">HN</subfield>
    <subfield code="c">0</subfield>
  </datafield>
  <datafield tag="082" ind1=" " ind2=" ">
    <subfield code="a">133.6</subfield>
    <subfield code="b">&#x906;&#x928;&#x902;&#x926;</subfield>
  </datafield>
  <datafield tag="100" ind1=" " ind2=" ">
    <subfield code="a">&#x906;&#x928;&#x902;&#x926;, &#x92D;&#x93E;&#x930;&#x924;&#x940; </subfield>
    <subfield code="9">92145</subfield>
  </datafield>
  <datafield tag="245" ind1=" " ind2=" ">
    <subfield code="a">&#x939;&#x938;&#x94D;&#x924;&#x930;&#x947;&#x916;&#x93E;&#x90F;&#x902; &#x935; &#x91C;&#x940;&#x935;&#x928; &#x930;&#x939;&#x938;&#x94D;&#x92F; :</subfield>
    <subfield code="c">&#x92D;&#x93E;&#x930;&#x924;&#x940; &#x906;&#x928;&#x902;&#x926;</subfield>
    <subfield code="b">&#x906;&#x92A;&#x915;&#x940; &#x939;&#x930; &#x938;&#x92E;&#x938;&#x94D;&#x92F;&#x93E; &#x915;&#x93E; &#x939;&#x932; : &#x939;&#x938;&#x94D;&#x924;&#x930;&#x947;&#x916;&#x93E; &#x935;&#x93F;&#x91C;&#x94D;&#x91E;&#x93E;&#x928; /</subfield>
  </datafield>
  <datafield tag="246" ind1=" " ind2=" ">
    <subfield code="a">Hastrekhaen v jeevan rahasye : aapki har samasya ka hal : hastrekha vigyan / </subfield>
    <subfield code="b">by Bharti Anand </subfield>
  </datafield>
  <datafield tag="260" ind1=" " ind2=" ">
    <subfield code="a">&#x928;&#x908; &#x926;&#x93F;&#x932;&#x94D;&#x932;&#x940; </subfield>
    <subfield code="b">&#x915;&#x949;&#x928;&#x94D;&#x938;&#x947;&#x92A;&#x94D;&#x91F; &#x92A;&#x92C;&#x94D;&#x932;&#x93F;&#x936;&#x93F;&#x902;&#x917; &#x915;&#x92E;&#x94D;&#x92A;&#x928;&#x940; </subfield>
    <subfield code="c">2005</subfield>
  </datafield>
  <datafield tag="270" ind1=" " ind2=" ">
    <subfield code="b">&#x928;&#x908; &#x926;&#x93F;&#x932;&#x94D;&#x932;&#x940; </subfield>
    <subfield code="a">A/15-16, &#x915;&#x92E;&#x930;&#x94D;&#x936;&#x93F;&#x92F;&#x932; &#x92C;&#x94D;&#x932;&#x93E;&#x915;, &#x92E;&#x94B;&#x939;&#x928; &#x917;&#x93E;&#x930;&#x94D;&#x921;&#x928; </subfield>
    <subfield code="e">110059</subfield>
  </datafield>
  <datafield tag="300" ind1=" " ind2=" ">
    <subfield code="a">x,265&#x92A;&#x943;. </subfield>
    <subfield code="c">20&#x938;&#x947;&#x92E;&#x940;(&#x938;&#x91C;&#x93F;&#x932;&#x94D;&#x926;)</subfield>
  </datafield>
  <datafield tag="650" ind1=" " ind2=" ">
    <subfield code="a">&#x939;&#x938;&#x94D;&#x924; &#x930;&#x947;&#x916;&#x93E; -- &#x935;&#x930;&#x94D;&#x923;&#x928; </subfield>
    <subfield code="9">6720</subfield>
  </datafield>
  <datafield tag="650" ind1=" " ind2=" ">
    <subfield code="a">&#x939;&#x93E;&#x925; &#x926;&#x947;&#x916;&#x928;&#x947; &#x915;&#x947; &#x928;&#x93F;&#x92F;&#x92E; </subfield>
    <subfield code="9">92146</subfield>
  </datafield>
  <datafield tag="650" ind1=" " ind2=" ">
    <subfield code="a">Hand Line - Description</subfield>
    <subfield code="9">92147</subfield>
  </datafield>
  <datafield tag="650" ind1=" " ind2=" ">
    <subfield code="a">Hand rule</subfield>
    <subfield code="9">92148</subfield>
  </datafield>
  <datafield tag="942" ind1=" " ind2=" ">
    <subfield code="2">ddc</subfield>
    <subfield code="c">HN</subfield>
    <subfield code="h">133.6</subfield>
    <subfield code="m">&#x906;&#x928;&#x902;&#x926;</subfield>
  </datafield>
  <datafield tag="999" ind1=" " ind2=" ">
    <subfield code="c">120721</subfield>
    <subfield code="d">120721</subfield>
  </datafield>
  <datafield tag="952" ind1=" " ind2=" ">
    <subfield code="0">0</subfield>
    <subfield code="1">0</subfield>
    <subfield code="4">0</subfield>
    <subfield code="7">0</subfield>
    <subfield code="a">L</subfield>
    <subfield code="b">L</subfield>
    <subfield code="d">2015-09-28</subfield>
    <subfield code="e">Cen Lib/Ret</subfield>
    <subfield code="g">120.00</subfield>
    <subfield code="l">6</subfield>
    <subfield code="m">2</subfield>
    <subfield code="o">133.6 &#x906;&#x928;&#x902;&#x926;</subfield>
    <subfield code="p">B-137494</subfield>
    <subfield code="r">2025-02-25 00:00:00</subfield>
    <subfield code="s">2025-02-04</subfield>
    <subfield code="t">1</subfield>
    <subfield code="v">120.00</subfield>
    <subfield code="w">2015-09-28</subfield>
    <subfield code="y">HN</subfield>
    <subfield code="z">Legal Case (Register No. 27)</subfield>
  </datafield>
  <datafield tag="952" ind1=" " ind2=" ">
    <subfield code="0">0</subfield>
    <subfield code="1">0</subfield>
    <subfield code="2">ddc</subfield>
    <subfield code="4">0</subfield>
    <subfield code="7">0</subfield>
    <subfield code="a">L</subfield>
    <subfield code="b">L</subfield>
    <subfield code="d">2016-10-31</subfield>
    <subfield code="g">120.00</subfield>
    <subfield code="l">0</subfield>
    <subfield code="o">133.6 &#x906;&#x928;&#x902;&#x926;</subfield>
    <subfield code="p">B-137495</subfield>
    <subfield code="r">2016-10-31 00:00:00</subfield>
    <subfield code="t">2</subfield>
    <subfield code="v">120.00</subfield>
    <subfield code="w">2016-10-31</subfield>
    <subfield code="y">HN</subfield>
  </datafield>
  <datafield tag="952" ind1=" " ind2=" ">
    <subfield code="0">0</subfield>
    <subfield code="1">0</subfield>
    <subfield code="2">ddc</subfield>
    <subfield code="4">0</subfield>
    <subfield code="7">0</subfield>
    <subfield code="8">NFIC</subfield>
    <subfield code="a">TN</subfield>
    <subfield code="b">TN</subfield>
    <subfield code="d">2018-09-01</subfield>
    <subfield code="e">BPPD/PUB</subfield>
    <subfield code="g">120.00</subfield>
    <subfield code="l">2</subfield>
    <subfield code="o">133.6 &#x906;&#x928;&#x902;&#x926;</subfield>
    <subfield code="p">B-137501</subfield>
    <subfield code="r">2022-03-19 00:00:00</subfield>
    <subfield code="s">2022-03-03</subfield>
    <subfield code="v">120.00</subfield>
    <subfield code="w">2018-09-01</subfield>
    <subfield code="y">HN</subfield>
  </datafield>
  <datafield tag="952" ind1=" " ind2=" ">
    <subfield code="0">0</subfield>
    <subfield code="1">0</subfield>
    <subfield code="2">ddc</subfield>
    <subfield code="4">0</subfield>
    <subfield code="7">0</subfield>
    <subfield code="8">NFIC</subfield>
    <subfield code="a">YV</subfield>
    <subfield code="b">YV</subfield>
    <subfield code="d">2019-09-05</subfield>
    <subfield code="e">BPPD/PUB</subfield>
    <subfield code="g">120.00</subfield>
    <subfield code="l">0</subfield>
    <subfield code="o">133.6 &#x906;&#x928;&#x902;&#x926;</subfield>
    <subfield code="p">B-137519</subfield>
    <subfield code="r">2019-09-05 00:00:00</subfield>
    <subfield code="v">120.00</subfield>
    <subfield code="w">2019-09-05</subfield>
    <subfield code="y">HN</subfield>
  </datafield>
</record>
